| 000 | 00518nam a2200169Ia 4500 | ||
|---|---|---|---|
| 003 | GCL | ||
| 008 | 140319s9999 xx 000 0 ara d | ||
| 040 |
_aGCL / _cGCL |
||
| 082 | 0 | 4 |
_a792.092 _bم ى |
| 100 | 1 | _aمحمد احمد عيسى | |
| 245 | 1 | 0 |
_aيوسف وهبى والذكريات (هدية من الاديب عبدالفتاح الجمل) / _cمحمد احمد عيسى |
| 300 | _a185 ص | ||
| 490 |
_aكتب صحفية _v0 |
||
| 650 | 0 | 4 | _aالتراجم |
| 650 | 0 | 4 | _aيوسف وهبى |
| 942 |
_2ddc _cBK |
||
| 999 |
_c41169 _d41169 |
||